[Event "Titled Tuesday intern op 27th Sep Early"]
[Site "Chess.com INT"]
[Date "2022.09.27"]
[Round "2"]
[White "Ferguson, Randal"]
[Black "Aakanksha, Hagawane"]
[Result "1/2-1/2"]
[WhiteElo "2058"]
[BlackElo "2162"]
[PlyCount "58"]
[EventDate "2022.09.27"]
[EventType "swiss (blitz)"]
[EventRounds "11"]
[EventCountry "USA"]
[SourceTitle "CBM 210 Extra"]
[Source "ChessBase"]
[SourceDate "2022.11.30"]
[SourceVersion "1"]
[SourceVersionDate "2022.11.30"]
[SourceQuality "1"]

1. e4 e5 2. Nf3 Nc6 3. Bb5 a6 4. Bxc6 dxc6 5. 0-0 f6 6. d4 exd4 7. Nxd4 c5 8. Nb3 Qxd1 9. Rxd1 Bg4 10. f3 Bd7 11. Bf4 0-0-0 12. Nc3 g5 13. Bg3 c4 14. Na5 b5 15. a4 Bc5+ 16. Kf1 Ne7 17. axb5 axb5 18. Nd5 Nxd5 19. Rxd5 Bb6 20. b4 Bxa5 21. Rxa5 Kb7 22. Bf2 Bc6 23. Rf5 Rhf8 24. Ra7+ Kb8 25. Ke2 Rf7 26. Ra6 Kb7 27. Ra7+ Kb8 28. Ra6 Kb7 29. Ra7+ Kb8 1/2-1/2

[Event "Titled Tuesday intern op 27th Sep Early"]
[Site "Chess.com INT"]
[Date "2022.09.27"]
[Round "1"]
[White "Ferguson, Randal"]
[Black "Aggelis, Nikolaos"]
[Result "0-1"]
[WhiteElo "2058"]
[BlackElo "2287"]
[PlyCount "52"]
[EventDate "2022.09.27"]
[EventType "swiss (blitz)"]
[EventRounds "11"]
[EventCountry "USA"]
[SourceTitle "CBM 210 Extra"]
[Source "ChessBase"]
[SourceDate "2022.11.30"]
[SourceVersion "1"]
[SourceVersionDate "2022.11.30"]
[SourceQuality "1"]

1. e4 c6 2. c4 d5 3. exd5 cxd5 4. cxd5 Nf6 5. Qa4+ Nbd7 6. Nc3 g6 7. Nf3 Bg7 8. Bc4 0-0 9. Qb3 Nb6 10. d3 Bg4 11. Ne5 Bf5 12. Be3 Nfd7 13. Nf3 Rc8 14. Rc1 Nc5 15. Qa3 Nxc4 16. dxc4 Nd3+ 17. Ke2 Nxc1+ 18. Rxc1 Rxc4 19. Qxa7 Bxc3 20. Rxc3 Rxc3 21. bxc3 Qxd5 22. Nd4 Rc8 23. Nxf5 gxf5 24. Qa4 Qc4+ 25. Qxc4 Rxc4 26. Kd3 Ra4 0-1

[Event "Titled Tuesday intern op 27th Sep Early"]
[Site "Chess.com INT"]
[Date "2022.09.27"]
[Round "4"]
[White "Ilkhomi, Jaloliddin"]
[Black "Ferguson, Randal"]
[Result "1-0"]
[WhiteElo "2211"]
[BlackElo "2058"]
[PlyCount "91"]
[EventDate "2022.09.27"]
[EventType "swiss (blitz)"]
[EventRounds "11"]
[EventCountry "USA"]
[SourceTitle "CBM 210 Extra"]
[Source "ChessBase"]
[SourceDate "2022.11.30"]
[SourceVersion "1"]
[SourceVersionDate "2022.11.30"]
[SourceQuality "1"]

1. d4 Nf6 2. Nf3 g6 3. Bg5 Bg7 4. c3 Ne4 5. Bh4 d5 6. Nbd2 0-0 7. e3 Bf5 8. Nxe4 Bxe4 9. Bd3 Bxf3 10. Qxf3 c6 11. 0-0 Nd7 12. e4 dxe4 13. Qxe4 Nf6 14. Qe2 Qd7 15. Rfe1 Rfe8 16. Rad1 Rad8 17. Bc4 Nd5 18. Qf3 a5 19. Re2 Ra8 20. Rde1 e6 21. a4 Qc7 22. Bg3 Qb6 23. b3 Qd8 24. h4 h5 25. Re4 Qd7 26. Be5 Bxe5 27. Rxe5 Qe7 28. Rg5 Rad8 29. Bd3 Qf6 30. Qxh5 Nf4 31. Qf3 e5 32. Rexe5 Rxe5 33. dxe5 Rxd3 34. exf6 Rxf3 35. gxf3 Nh3+ 36. Kf1 Nxg5 37. hxg5 Kf8 38. Ke2 Ke8 39. Ke3 Kd7 40. Ke4 Ke6 41. f4 Kd6 42. f5 gxf5+ 43. Kxf5 b5 44. g6 fxg6+ 45. Kxg6 bxa4 46. bxa4 1-0

[Event "Titled Tuesday intern op 14th Jun Early"]
[Site "Chess.com INT"]
[Date "2022.06.14"]
[Round "7"]
[White "Begunov, Konstantin"]
[Black "Ferguson, Randal"]
[Result "1-0"]
[WhiteElo "2325"]
[BlackElo "2058"]
[PlyCount "143"]
[EventDate "2022.06.14"]
[EventType "swiss (blitz)"]
[EventRounds "11"]
[EventCountry "USA"]
[SourceTitle "EXT 2023"]
[Source "ChessBase"]
[SourceDate "2022.10.05"]
[SourceVersion "1"]
[SourceVersionDate "2022.10.05"]
[SourceQuality "1"]

1. d4 Nf6 2. c4 g6 3. f3 d5 4. cxd5 Nxd5 5. e4 Nb6 6. Nc3 Bg7 7. Be3 0-0 8. Qd2 N8d7 9. 0-0-0 e6 10. h4 Qe7 11. h5 Qb4 12. Bh6 Qe7 13. Bxg7 Kxg7 14. hxg6 fxg6 15. Qh6+ Kg8 16. Nh3 Qg7 17. Qe3 c6 18. Ng5 Nf6 19. Qf2 h6 20. Nh3 Ng4 21. Qd2 Nf6 22. Nf4 g5 23. Nh5 Nxh5 24. Rxh5 Bd7 25. Bd3 Be8 26. Rh3 Bg6 27. Rdh1 Kf7 28. Rxh6 Rh8 29. Qxg5 Rxh6 30. Rxh6 Rh8 31. Rxh8 Qxh8 32. Kc2 Qxd4 33. Qf4+ Kg8 34. Qb8+ Kg7 35. Qxb7+ Kh6 36. Qxa7 Qf2+ 37. Kb3 e5 38. Bc4 Qc5 39. Bg8 Kg5 40. a4 Qd4 41. a5 Nd7 42. Qxd4 exd4 43. Nd1 Nc5+ 44. Kc4 Na4 45. a6 Nb6+ 46. Kxd4 Be8 47. Kc5 Nc8 48. Ne3 Kf6 49. f4 Ke7 50. Bc4 Bd7 51. e5 Kd8 52. g4 Kc7 53. e6 Be8 54. f5 Nb6 55. Bd3 Na4+ 56. Kd4 Nxb2 57. f6 Na4 58. f7 c5+ 59. Kc4 Nb6+ 60. Kxc5 Bxf7 61. exf7 Nd7+ 62. Kd5 Nf8 63. g5 Kd7 64. g6 Nxg6 65. Bxg6 Ke7 66. a7 Kf8 67. a8Q+ Kg7 68. f8Q+ Kxg6 69. Qae8+ Kg5 70. Qe5+ Kh4 71. Qef4+ Kh3 72. Q8h6# 1-0

[Event "Titled Tuesday intern op 14th Jun Early"]
[Site "Chess.com INT"]
[Date "2022.06.14"]
[Round "1"]
[White "Dauner, Benedikt"]
[Black "Ferguson, Randal"]
[Result "1-0"]
[WhiteElo "2321"]
[BlackElo "2058"]
[PlyCount "105"]
[EventDate "2022.06.14"]
[EventType "swiss (blitz)"]
[EventRounds "11"]
[EventCountry "USA"]
[SourceTitle "EXT 2023"]
[Source "ChessBase"]
[SourceDate "2022.10.05"]
[SourceVersion "1"]
[SourceVersionDate "2022.10.05"]
[SourceQuality "1"]

1. Nf3 f5 2. d3 d5 3. Nbd2 Nf6 4. g3 c5 5. Bg2 Nc6 6. 0-0 e5 7. e4 fxe4 8. dxe4 d4 9. Nc4 Qc7 10. a4 Be6 11. Qe2 Rd8 12. Ng5 Bxc4 13. Qxc4 h6 14. Ne6 Qf7 15. Bh3 Rd6 16. b3 g5 17. Bf5 Nd8 18. Nxc5 Qxc4 19. bxc4 Rc6 20. Nd3 Bd6 21. c5 Bc7 22. Ba3 0-0 23. Nb4 Rxc5 24. Nd3 Rxc2 25. Bxf8 Kxf8 26. Rfc1 Rxc1+ 27. Rxc1 Bd6 28. Rc8 Ke7 29. Ra8 a6 30. Rc8 Nc6 31. Rh8 h5 32. Bc8 Na5 33. f3 Nc4 34. Bxb7 a5 35. Bc6 g4 36. fxg4 hxg4 37. h4 gxh3 38. Rxh3 Nd2 39. Rh8 Ndxe4 40. Bxe4 Nxe4 41. Ra8 Bb4 42. Nxb4 axb4 43. Rb8 Nc3 44. Rxb4 Kd6 45. Kf1 Kc5 46. Rb8 Nxa4 47. Re8 Kd5 48. g4 Nc3 49. g5 Ne4 50. g6 Nf6 51. Rf8 Ke6 52. g7 Ke7 53. Rxf6 1-0

[Event "Titled Tuesday intern op 14th Jun Early"]
[Site "Chess.com INT"]
[Date "2022.06.14"]
[Round "6"]
[White "Ferguson, Randal"]
[Black "Avazkhonov, Alikhon"]
[Result "0-1"]
[WhiteElo "2058"]
[BlackElo "1538"]
[PlyCount "56"]
[EventDate "2022.06.14"]
[EventType "swiss (blitz)"]
[EventRounds "11"]
[EventCountry "USA"]
[SourceTitle "EXT 2023"]
[Source "ChessBase"]
[SourceDate "2022.10.05"]
[SourceVersion "1"]
[SourceVersionDate "2022.10.05"]
[SourceQuality "1"]

1. e4 c5 2. Nc3 d6 3. d4 cxd4 4. Qxd4 Nc6 5. Qd2 Nf6 6. b3 g6 7. Bb2 Bg7 8. 0-0-0 0-0 9. f3 Bd7 10. g4 Qa5 11. Kb1 Rfc8 12. h4 Ne5 13. h5 Rc5 14. hxg6 hxg6 15. g5 Nh5 16. f4 Nf3 17. Nxf3 Bxc3 18. Bxc3 Rxc3 19. Bd3 Rac8 20. Rdg1 Bb5 21. Bxb5 Qxb5 22. Rh2 Rxc2 23. Qxc2 Rxc2 24. Rxc2 Qd3 25. Ne1 Qxe4 26. Rf1 Nxf4 27. Kb2 Nd5 28. Rcf2 Qe5+ 0-1

[Event "Titled Tuesday intern op 14th Jun Early"]
[Site "Chess.com INT"]
[Date "2022.06.14"]
[Round "3"]
[White "Ferguson, Randal"]
[Black "Indjic, Aleksandar"]
[Result "0-1"]
[WhiteElo "2058"]
[BlackElo "2620"]
[PlyCount "102"]
[EventDate "2022.06.14"]
[EventType "swiss (blitz)"]
[EventRounds "11"]
[EventCountry "USA"]
[SourceTitle "EXT 2023"]
[Source "ChessBase"]
[SourceDate "2022.10.05"]
[SourceVersion "1"]
[SourceVersionDate "2022.10.05"]
[SourceQuality "1"]

1. e4 c5 2. Nc3 Nc6 3. Bb5 Nd4 4. Nf3 e6 5. 0-0 a6 6. Bd3 Ne7 7. Nxd4 cxd4 8. Ne2 Nc6 9. c3 Bc5 10. b4 Ba7 11. cxd4 d5 12. e5 Bd7 13. a3 Rc8 14. Bb2 Ne7 15. Nf4 g6 16. Qf3 Bb5 17. Rfc1 0-0 18. h4 Bxd3 19. Qxd3 Qd7 20. h5 Rc6 21. Rxc6 Nxc6 22. h6 Rc8 23. Rc1 Bb6 24. Qe3 Bd8 25. Qg3 Be7 26. Rc3 Qd8 27. Rf3 Bg5 28. Nh3 Bxh6 29. Bc3 Ne7 30. Ng5 Nf5 31. Rxf5 exf5 32. Nf3 Bg7 33. e6 fxe6 34. Ng5 Qd7 35. a4 h6 36. Nh3 g5 37. f3 f4 38. Qg4 Qf7 39. Nf2 Qf5 40. Qh5 b5 41. axb5 axb5 42. Ng4 Kh7 43. Kh2 Ra8 44. Kh3 Qg6 45. Qxg6+ Kxg6 46. g3 h5 47. Nf2 fxg3 48. Kxg3 Ra1 49. Nd3 Kf5 50. Nc5 Rd1 51. Kf2 h4 0-1

[Event "Titled Tuesday intern op 24th May Early"]
[Site "Chess.com INT"]
[Date "2022.05.24"]
[Round "3"]
[White "Ferguson, Randal"]
[Black "Hart, Braeden"]
[Result "0-1"]
[WhiteElo "2058"]
[BlackElo "1987"]
[PlyCount "72"]
[EventDate "2022.05.24"]
[EventType "swiss (blitz)"]
[EventRounds "11"]
[EventCountry "USA"]
[SourceTitle "EXT 2023"]
[Source "ChessBase"]
[SourceDate "2022.10.05"]
[SourceVersion "1"]
[SourceVersionDate "2022.10.05"]
[SourceQuality "1"]

1. e4 e5 2. Nf3 d5 3. Nxe5 Bd6 4. d4 dxe4 5. Nc4 Nf6 6. Nc3 Nc6 7. Bg5 Bf5 8. Ne3 Bg6 9. Ncd5 Be7 10. Nxe7 Qxe7 11. Nd5 Qd6 12. Nxf6+ gxf6 13. Be3 0-0-0 14. c3 h5 15. g3 h4 16. Bg2 h3 17. Bf1 Bh5 18. Be2 Bxe2 19. Qxe2 Qd5 20. b3 f5 21. 0-0-0 Kb8 22. Kb2 Ne7 23. c4 Qd6 24. d5 Ng6 25. Rd2 Rhe8 26. Rhd1 f4 27. c5 Qe5+ 28. Bd4 Qf5 29. d6 cxd6 30. cxd6 Rxd6 31. Bc3 Red8 32. Rxd6 Rxd6 33. Rc1 fxg3 34. hxg3 Qf3 35. Qc4 Qxf2+ 36. Ka1 a6 0-1

[Event "Titled Tuesday intern op 01st Mar Early"]
[Site "Chess.com INT"]
[Date "2022.03.01"]
[Round "2"]
[White "Kukula, Pawel"]
[Black "Ferguson, Randal"]
[Result "1-0"]
[WhiteElo "2109"]
[BlackElo "2058"]
[PlyCount "73"]
[EventDate "2022.03.01"]
[EventType "swiss (blitz)"]
[EventRounds "11"]
[EventCountry "USA"]
[SourceTitle "CBM 207 Extra"]
[Source "ChessBase"]
[SourceDate "2022.05.31"]
[SourceVersion "1"]
[SourceVersionDate "2022.05.31"]
[SourceQuality "1"]

1. e4 c5 2. Nc3 d6 3. d4 cxd4 4. Qxd4 a6 5. b3 Nc6 6. Qd2 g6 7. Bb2 Bh6 8. f4 f5 9. Nd5 e5 10. 0-0-0 Be6 11. Nh3 fxe4 12. Kb1 Nge7 13. Nf6+ Kf7 14. Nxe4 Bxh3 15. gxh3 d5 16. Ng5+ Bxg5 17. fxg5 d4 18. Bc4+ Kg7 19. Rhf1 Rf8 20. Rxf8 Qxf8 21. Rf1 Nf5 22. Qe2 Qe7 23. h4 Rf8 24. Re1 Ne3 25. Bd3 Nb4 26. Ba3 a5 27. h5 Qxg5 28. Bxb4 axb4 29. Qd2 Qxh5 30. Qxb4 Rf1 31. Bxf1 Qh4 32. Bc4 d3 33. Qxb7+ Kh6 34. Rxe3 dxc2+ 35. Kxc2 Qxh2+ 36. Re2 Qh1 37. Qxh1+ 1-0

[Event "Titled Tuesday intern op 21st Dec"]
[Site "Chess.com INT"]
[Date "2021.12.21"]
[Round "1"]
[White "Ferguson, Randal"]
[Black "Karpov, Vadim"]
[Result "0-1"]
[WhiteElo "2058"]
[BlackElo "2345"]
[PlyCount "94"]
[EventDate "2021.12.21"]
[EventType "swiss (blitz)"]
[EventRounds "11"]
[EventCountry "USA"]
[SourceTitle "CBM 205 Extra"]
[Source "ChessBase"]
[SourceDate "2022.01.31"]
[SourceVersion "1"]
[SourceVersionDate "2022.01.31"]
[SourceQuality "1"]

1. e4 e5 2. Nf3 Nc6 3. Bb5 a6 4. Bxc6 dxc6 5. 0-0 f6 6. d4 exd4 7. Nxd4 c5 8. Nb3 Qxd1 9. Rxd1 Bd7 10. Bf4 0-0-0 11. Nc3 Bc6 12. Rxd8+ Kxd8 13. Na5 Kd7 14. Rd1+ Bd6 15. Bxd6 cxd6 16. Nc4 Ne7 17. Nxd6 Ke6 18. Nc4 Ng6 19. f3 h5 20. Nd5 Rc8 21. Ncb6 Rh8 22. g3 Ne5 23. Nf4+ Kf7 24. Kf2 h4 25. g4 g5 26. Nd3 Nxd3+ 27. Rxd3 Ke6 28. b3 Re8 29. Nc4 Bb5 30. Rd6+ Ke7 31. Rb6 Bxc4 32. bxc4 Rd8 33. Rxb7+ Kf8 34. Ke3 Rd1 35. Rc7 Rh1 36. Rxc5 Rxh2 37. Rd5 Rxc2 38. c5 Rxa2 39. Rd6 Kf7 40. Rd7+ Kg6 41. c6 Rc2 42. c7 h3 43. Kd3 Rc1 44. Kd2 Rc6 45. Rd8 Rxc7 46. Rh8 Rh7 47. Rg8+ Kf7 0-1

[Event "Titled Tuesday intern op 14th Dec"]
[Site "Chess.com INT"]
[Date "2021.12.14"]
[Round "5"]
[White "Ferguson, Randal"]
[Black "Starozhilov, Leonid"]
[Result "0-1"]
[WhiteElo "2058"]
[BlackElo "2293"]
[PlyCount "60"]
[EventDate "2021.12.14"]
[EventType "swiss (blitz)"]
[EventRounds "11"]
[EventCountry "USA"]
[SourceTitle "EXT 2023"]
[Source "ChessBase"]
[SourceDate "2022.10.05"]
[SourceVersion "1"]
[SourceVersionDate "2022.10.05"]
[SourceQuality "1"]

1. e4 g6 2. d4 Bg7 3. Nc3 d6 4. Bg5 Nc6 5. d5 Nd4 6. Nge2 c5 7. dxc6 Nxc6 8. Qd2 Nf6 9. f3 0-0 10. Bh6 Be6 11. Bxg7 Kxg7 12. Nf4 Qb6 13. 0-0-0 Ne5 14. h4 h5 15. Nxe6+ fxe6 16. f4 Neg4 17. f5 Rfc8 18. Qg5 Qe3+ 19. Qxe3 Nxe3 20. Re1 Nxf1 21. Rhxf1 gxf5 22. exf5 e5 23. Ne4 Rc4 24. Ng5 Rac8 25. Ne6+ Kf7 26. c3 Rxh4 27. Ng5+ Ke8 28. Ne6 Kd7 29. g3 Rh2 30. Rd1 Rc4 0-1

[Event "Titled Tuesday intern op 14th Dec"]
[Site "Chess.com INT"]
[Date "2021.12.14"]
[Round "7"]
[White "Tasev, Dejan"]
[Black "Ferguson, Randal"]
[Result "1-0"]
[WhiteElo "2272"]
[BlackElo "2058"]
[PlyCount "63"]
[EventDate "2021.12.14"]
[EventType "swiss (blitz)"]
[EventRounds "11"]
[EventCountry "USA"]
[SourceTitle "EXT 2023"]
[Source "ChessBase"]
[SourceDate "2022.10.05"]
[SourceVersion "1"]
[SourceVersionDate "2022.10.05"]
[SourceQuality "1"]

1. e4 c5 2. Nf3 d6 3. Nc3 Nf6 4. d4 cxd4 5. Nxd4 a6 6. Bc4 e6 7. Bb3 b5 8. a3 Be7 9. f3 0-0 10. Be3 Bd7 11. Qd2 Nc6 12. g4 Nxd4 13. Bxd4 Bc6 14. g5 Nh5 15. h4 a5 16. a4 bxa4 17. Nxa4 Qb8 18. 0-0-0 Qb4 19. Qxb4 axb4 20. Nb6 Ra1+ 21. Kd2 Rxd1+ 22. Rxd1 Rb8 23. Ra1 e5 24. Bf2 Nf4 25. Ra7 Bd8 26. Nc4 Ne6 27. Nxd6 Bxg5+ 28. hxg5 Rd8 29. Ke1 Rxd6 30. Be3 g6 31. Bd2 Nd4 32. Bxf7+ 1-0

[Event "Titled Tuesday intern op 23rd Nov"]
[Site "Chess.com INT"]
[Date "2021.11.23"]
[Round "2"]
[White "Demidov, Mikhail"]
[Black "Ferguson, Randal"]
[Result "1-0"]
[WhiteElo "2556"]
[BlackElo "2058"]
[PlyCount "47"]
[EventDate "2021.11.23"]
[EventType "swiss (blitz)"]
[EventRounds "11"]
[EventCountry "USA"]
[SourceTitle "CBM 205 Extra"]
[Source "ChessBase"]
[SourceDate "2022.01.31"]
[SourceVersion "1"]
[SourceVersionDate "2022.01.31"]
[SourceQuality "1"]

1. Nf3 f5 2. d3 d5 3. g3 Nf6 4. Bg2 Nc6 5. 0-0 e5 6. c4 dxc4 7. Qa4 Bd6 8. Qxc4 Qe7 9. Nc3 Be6 10. Qb5 Rb8 11. Nxe5 0-0 12. Nxc6 bxc6 13. Qxc6 Rb6 14. Qa4 Rb4 15. Qc2 f4 16. a3 Bb3 17. Qd2 Rb6 18. e3 fxg3 19. fxg3 Ng4 20. Rxf8+ Qxf8 21. Qe2 h5 22. Bd2 Qc8 23. Ne4 h4 24. h3 1-0

[Event "Titled Tuesday intern op 16th Nov"]
[Site "Chess.com INT"]
[Date "2021.11.16"]
[Round "3"]
[White "Ferguson, Randal"]
[Black "Zlatin, Alexander"]
[Result "0-1"]
[WhiteElo "2058"]
[BlackElo "2327"]
[PlyCount "104"]
[EventDate "2021.11.16"]
[EventType "swiss (blitz)"]
[EventRounds "11"]
[EventCountry "USA"]
[SourceTitle "CBM 205 Extra"]
[Source "ChessBase"]
[SourceDate "2022.01.31"]
[SourceVersion "1"]
[SourceVersionDate "2022.01.31"]
[SourceQuality "1"]

1. e4 e5 2. Nf3 Nc6 3. Bb5 a6 4. Bxc6 dxc6 5. 0-0 Bg4 6. h3 h5 7. d3 Qf6 8. Nbd2 Ne7 9. Re1 Ng6 10. d4 Bd6 11. hxg4 hxg4 12. Nh2 Rxh2 13. Qxg4 Qh4 14. Qxh4 Rxh4 15. Nf3 Rh5 16. c3 0-0-0 17. Be3 Rdh8 18. g3 f5 19. exf5 Rxf5 20. Kg2 Rhf8 21. Nxe5 Bxe5 22. dxe5 Nxe5 23. Bd4 Nf3 24. Re2 Nxd4 25. cxd4 Rd5 26. Rae1 Rxd4 27. Re7 Rd7 28. Re8+ Rxe8 29. Rxe8+ Rd8 30. Rxd8+ Kxd8 31. Kf3 Ke7 32. Ke4 Ke6 33. f4 b5 34. b4 c5 35. bxc5 c6 36. g4 a5 37. Kd4 b4 38. Kc4 Kf6 39. a3 bxa3 40. Kb3 Ke6 41. Kxa3 Kd5 42. Ka4 Kxc5 43. Kxa5 Kd5 44. f5 Ke5 45. Kb6 Kf4 46. Kxc6 Kxg4 47. f6 gxf6 48. Kd5 f5 49. Kd4 f4 50. Kd3 Kg3 51. Ke2 Kg2 52. Ke1 f3 0-1

[Event "Titled Tuesday intern op 09th Nov"]
[Site "Chess.com INT"]
[Date "2021.11.09"]
[Round "1"]
[White "Adewumi, Tanitoluwa"]
[Black "Ferguson, Randal"]
[Result "1-0"]
[WhiteElo "2121"]
[BlackElo "2058"]
[PlyCount "103"]
[EventDate "2021.11.09"]
[EventType "swiss (blitz)"]
[EventRounds "11"]
[EventCountry "USA"]
[SourceTitle "CBM 205 Extra"]
[Source "ChessBase"]
[SourceDate "2022.01.31"]
[SourceVersion "1"]
[SourceVersionDate "2022.01.31"]
[SourceQuality "1"]

1. e4 c5 2. Nf3 d6 3. d4 Nf6 4. Nc3 cxd4 5. Nxd4 a6 6. Bg5 e6 7. f4 Be7 8. Qf3 Qc7 9. 0-0-0 Nbd7 10. g4 b5 11. Bxf6 Bxf6 12. Bg2 Bb7 13. Kb1 Nc5 14. g5 Bxd4 15. Rxd4 Rc8 16. Rhd1 0-0 17. Qe3 Na4 18. R4d3 Nb6 19. Ne2 Rfd8 20. c3 Nc4 21. Qc1 b4 22. cxb4 Qb6 23. Rc3 Qxb4 24. b3 Na3+ 25. Kb2 Nb5 26. Rc4 Rxc4 27. Qxc4 Qa3+ 28. Kb1 Rc8 29. Qd3 Qb4 30. Nd4 Nc3+ 31. Kb2 Nxd1+ 32. Qxd1 d5 33. e5 a5 34. Bf1 Qc3+ 35. Kb1 a4 36. Bd3 g6 37. Ne2 Qb4 38. Bc2 a3 39. Qd4 Qe1+ 40. Qd1 Qb4 41. Qd4 Qb5 42. Nc3 Qa5 43. b4 Qc7 44. Qc5 Qxc5 45. bxc5 Rxc5 46. Ne2 Ba6 47. Nd4 Bc4 48. Kc1 Rc8 49. Kd2 Bxa2 50. Nb5 Bc4 51. Nxa3 Ba6 52. Bd3 1-0

[Event "Titled Tuesday intern op 02nd Nov"]
[Site "Chess.com INT"]
[Date "2021.11.02"]
[Round "4"]
[White "Ferguson, Randal"]
[Black "Aslanov, Umid Fuad"]
[Result "0-1"]
[WhiteElo "2058"]
[BlackElo "2168"]
[PlyCount "94"]
[EventDate "2021.11.02"]
[EventType "swiss (blitz)"]
[EventRounds "11"]
[EventCountry "USA"]
[SourceTitle "CBM 205 Extra"]
[Source "ChessBase"]
[SourceDate "2022.01.31"]
[SourceVersion "1"]
[SourceVersionDate "2022.01.31"]
[SourceQuality "1"]

1. e4 c5 2. Nc3 d6 3. d4 cxd4 4. Qxd4 Nf6 5. Be3 Nc6 6. Qd2 e6 7. 0-0-0 Be7 8. f4 0-0 9. Nf3 a6 10. Rg1 b5 11. g4 b4 12. Na4 Nxe4 13. Qe1 Qa5 14. b3 Nc5 15. Nxc5 dxc5 16. Kb1 Bf6 17. Bc1 Nd4 18. Ne5 Nb5 19. Nc4 Qc7 20. Bb2 Bxb2 21. Kxb2 Qxf4 22. Bg2 Rb8 23. Be4 Qf6+ 24. Kb1 Nc3+ 25. Kc1 Nxa2+ 26. Kb1 Nc3+ 27. Kc1 Nxe4 28. Qxe4 Bb7 29. Qe5 Qxe5 30. Nxe5 Rbd8 31. Nd3 Rd5 32. Nf4 Rd4 33. Rxd4 cxd4 34. Nd3 a5 35. Re1 Rd8 36. Kb2 Bc6 37. Ne5 Rd6 38. Nc4 Rd5 39. h3 a4 40. bxa4 d3 41. cxd3 Rxd3 42. Ne5 Rc3 43. Rd1 Bd5 44. Nd7 Rb3+ 45. Kc2 Ra3 46. Nb6 Bb3+ 47. Kb2 Bxd1 0-1

[Event "Titled Tuesday intern op 26th Oct"]
[Site "Chess.com INT"]
[Date "2021.10.26"]
[Round "3"]
[White "Baches Garcia, Guillermo"]
[Black "Ferguson, Randal"]
[Result "0-1"]
[WhiteElo "2329"]
[BlackElo "2058"]
[PlyCount "50"]
[EventDate "2021.10.26"]
[EventType "swiss (blitz)"]
[EventRounds "11"]
[EventCountry "USA"]
[SourceTitle "CBM 204 Extra"]
[Source "ChessBase"]
[SourceDate "2021.11.30"]
[SourceVersion "1"]
[SourceVersionDate "2021.11.30"]
[SourceQuality "1"]

1. e4 c5 2. Nf3 d6 3. d4 Nf6 4. Nc3 cxd4 5. Nxd4 a6 6. h4 e5 7. Nb3 Nc6 8. h5 h6 9. f4 Be7 10. Be2 0-0 11. g4 exf4 12. Bxf4 Ne5 13. g5 hxg5 14. Bxg5 Nxe4 15. Bxe7 Nxc3 16. Bxd8 Nxd1 17. Be7 Re8 18. Rxd1 Rxe7 19. Rxd6 Bg4 20. Bxg4 Nc4+ 21. Re6 fxe6 22. Nd4 Rae8 23. b3 Ne3 24. Bf3 e5 25. Nf5 Nxf5 0-1

[Event "Titled Tuesday intern op 26th Oct"]
[Site "Chess.com INT"]
[Date "2021.10.26"]
[Round "4"]
[White "Ferguson, Randal"]
[Black "King, Alexander B"]
[Result "0-1"]
[WhiteElo "2058"]
[BlackElo "2283"]
[PlyCount "66"]
[EventDate "2021.10.26"]
[EventType "swiss (blitz)"]
[EventRounds "11"]
[EventCountry "USA"]
[SourceTitle "CBM 204 Extra"]
[Source "ChessBase"]
[SourceDate "2021.11.30"]
[SourceVersion "1"]
[SourceVersionDate "2021.11.30"]
[SourceQuality "1"]

1. e4 e6 2. d4 d5 3. Nd2 dxe4 4. Nxe4 Bd7 5. Nf3 Bc6 6. Bd3 Nd7 7. Ned2 Ngf6 8. Nc4 Be7 9. 0-0 0-0 10. c3 Bb5 11. a4 Ba6 12. b4 c6 13. Re1 Nd5 14. Qc2 N7f6 15. Nfe5 Rc8 16. Rb1 Bxc4 17. Bxc4 Nd7 18. Nf3 Bd6 19. Bd3 N7f6 20. g3 b6 21. Bd2 h6 22. c4 Ne7 23. c5 Bc7 24. Ne5 Qxd4 25. Bc3 Qd8 26. Rbd1 Qe8 27. cxb6 axb6 28. f4 Ned5 29. Bd2 Bd6 30. Qb3 Qe7 31. f5 Bxb4 32. fxe6 Bxd2 33. exf7+ Rxf7 0-1

[Event "Titled Tuesday intern op 26th Oct"]
[Site "Chess.com INT"]
[Date "2021.10.26"]
[Round "1"]
[White "Ferguson, Randal"]
[Black "Rodchenkov, Sergey D"]
[Result "0-1"]
[WhiteElo "2058"]
[BlackElo "2346"]
[PlyCount "94"]
[EventDate "2021.10.26"]
[EventType "swiss (blitz)"]
[EventRounds "11"]
[EventCountry "USA"]
[SourceTitle "CBM 204 Extra"]
[Source "ChessBase"]
[SourceDate "2021.11.30"]
[SourceVersion "1"]
[SourceVersionDate "2021.11.30"]
[SourceQuality "1"]

1. e4 c5 2. Nc3 d6 3. d4 cxd4 4. Qxd4 Nc6 5. Qd2 Nf6 6. b3 e6 7. Bb2 Be7 8. 0-0-0 a6 9. f3 0-0 10. Nge2 b5 11. g4 Bb7 12. g5 Nh5 13. h4 Rc8 14. Kb1 Qa5 15. a3 d5 16. exd5 exd5 17. Nxd5 Bxa3 18. Qxa5 Nxa5 19. Ne7+ Bxe7 20. Bh3 Rc7 21. Rd3 Nc6 22. Rhd1 Bc5 23. Rd7 Rxd7 24. Rxd7 Bc8 25. Rc7 Bxh3 26. Rxc6 Bb4 27. Rxa6 Bf1 28. Nd4 Nf4 29. Nc6 Bc5 30. Be5 b4 31. Ra5 Bb6 32. Bxf4 Bxa5 33. Nxa5 Ra8 34. Nc6 Ra6 35. Nxb4 Rb6 36. Nd5 Rb5 37. Nc3 Rf5 38. Bd6 Rxf3 39. Kb2 Rh3 40. Nd5 Rxh4 41. c4 Bxc4 42. bxc4 Rxc4 43. Ne7+ Kh8 44. Be5 Rg4 45. Nf5 Rxg5 46. Bxg7+ Rxg7 47. Nh6 Rg2+ 0-1

[Event "Titled Tuesday intern op 12th Oct"]
[Site "Chess.com INT"]
[Date "2021.10.12"]
[Round "1"]
[White "Petesch, Gabriel N"]
[Black "Ferguson, Randal"]
[Result "1-0"]
[WhiteElo "2330"]
[BlackElo "2058"]
[PlyCount "65"]
[EventDate "2021.10.12"]
[EventType "swiss (blitz)"]
[EventRounds "11"]
[EventCountry "USA"]
[SourceTitle "EXT 2023"]
[Source "ChessBase"]
[SourceDate "2022.10.05"]
[SourceVersion "1"]
[SourceVersionDate "2022.10.05"]
[SourceQuality "1"]

1. Nf3 f5 2. g3 Nf6 3. Bg2 g6 4. 0-0 Bg7 5. d3 0-0 6. Nc3 d6 7. Bg5 Nbd7 8. Nd4 Ne5 9. Nd5 Nxd5 10. Bxd5+ Kh8 11. Qd2 c6 12. Ne6 Bxe6 13. Bxe6 Bf6 14. d4 Bxg5 15. Qxg5 Ng4 16. e4 Nf6 17. exf5 Ne4 18. Qe3 gxf5 19. Bxf5 Nf6 20. Rae1 Rf7 21. c4 Qc7 22. Qe6 Raf8 23. Bh3 Ne8 24. Re4 Ng7 25. Qh6 e5 26. dxe5 dxe5 27. c5 Rf6 28. Qg5 Qf7 29. Qe3 Nf5 30. Bxf5 Rxf5 31. Rxe5 Rf3 32. Qd4 Kg8 33. Rg5+ 1-0